| 000 | 00659nam a2200253 a 4500 | ||
|---|---|---|---|
| 999 |
_c978 _d978 |
||
| 001 | 14220 | ||
| 003 | BD-DhUAP | ||
| 005 | 20210119095913.0 | ||
| 008 | 200129t20072004ii b 001 0 eng d | ||
| 020 | _a9788171772131 | ||
| 040 |
_aDLC _cDLC _dBD-DhAAL |
||
| 082 | 0 | 0 |
_a349.54 SAR _223 |
| 100 | _aSarma, B. C. | ||
| 245 | 0 | 0 |
_aThe Law of ultra vires / _cB. C. Sarma. |
| 260 |
_aNew Delhi : _bEastern law house, _cc2004 [Reprinted 2009]. |
||
| 300 |
_a491 pages ; _c22 cm. |
||
| 500 | _aInclude index. | ||
| 650 | _aUltra vires. | ||
| 650 | _aLaws. | ||
| 651 | _aIndia. | ||
| 942 |
_2ddc _cBK |
||